00441nam a22001337a 450000500170000002000230001703500230004003700130006310000190007624501200009526000450021530000240026070000230028420180728103335.0 a0195665864c495.00 aB-163261, B-163260 aDPLbENG aGanguly, Sumit aFearful Symmetry :bIndia-Pakistan crises in the shadow of Nuclear weapons /cby Sumit Ganguly and Devin T. Hagerty aNew DelhibOxford University Pressc2005 aix, 223p.;c20 cms. aHagerty, Devin T.